000
00359nam a2200133Ia 4500
008
151001s9999||||xx |||||||||||||| ||und||
100
_a
एन उन्नी
245
_a
कबूतरों से भी खतरा है
250
_a
1
260
_b
मित्तल एंड सन्स
260
_c
2010
300
_a
136
365
_b
21
999
_c
999475
_d
999472